[Event "Labor Day IM"]
[Site "Los Angeles USA"]
[Date "2022.09.01"]
[Round "1.1"]
[White "Ouellet, Maili Jade"]
[Black "Talukdar, Rohan"]
[Result "0-1"]
[WhiteElo "2174"]
[BlackElo "2339"]
[PlyCount "90"]
[EventDate "2022.09.01"]
[EventType "tourn"]
[EventRounds "9"]
[EventCountry "USA"]
[EventCategory "2"]
[Source "ChessMix"]
[SourceDate "2022.09.10"]

1. d4 d5 2. c4 c6 3. Nf3 Nf6 4. Qc2 g6 5. g3 Bg7 6. Bg2 O-O 7. O-O Bf5 8. Qb3
Qb6 9. Qxb6 axb6 10. cxd5 Nxd5 11. Bd2 Nd7 12. Nc3 Nxc3 13. Bxc3 b5 14. Rfe1
Nb6 15. e4 Bg4 16. a3 Na4 17. h3 Bxf3 18. Bxf3 Nxc3 19. bxc3 Ra4 20. Bd1 Ra7
21. Re2 Rfa8 22. Rea2 b4 23. cxb4 Bxd4 24. Rb1 Rxa3 25. Rxa3 Rxa3 26. Bb3 b5
27. Kf1 Ra1 28. Rxa1 Bxa1 29. Bd1 Kf8 30. e5 Ke8 31. f4 Bc3 32. Ke2 Bxb4 33.
Kd3 Kd7 34. g4 c5 35. f5 gxf5 36. gxf5 f6 37. Ke4 Kc6 38. Bh5 c4 39. exf6 exf6
40. Kd4 Bc5+ 41. Ke4 Bg1 42. Kf3 Kc5 43. Ke2 b4 44. Kd1 b3 45. Bf3 Be3 0-1

[Event "Labor Day IM"]
[Site "Los Angeles USA"]
[Date "2022.09.01"]
[Round "2.1"]
[White "Talukdar, Rohan"]
[Black "Marek, Matyas"]
[Result "1/2-1/2"]
[WhiteElo "2339"]
[BlackElo "2338"]
[PlyCount "33"]
[EventDate "2022.09.01"]
[EventType "tourn"]
[EventRounds "9"]
[EventCountry "USA"]
[EventCategory "2"]
[Source "ChessMix"]
[SourceDate "2022.09.10"]

1. e4 e5 2. Nf3 Nf6 3. Nxe5 d6 4. Nf3 Nxe4 5. c4 Nc6 6. d3 Nf6 7. d4 Be7 8. d5
Ne5 9. Nd4 c5 10. dxc6 O-O 11. Be2 d5 12. O-O Nxc6 13. Nxc6 bxc6 14. Nc3 Bf5
15. Be3 Rb8 16. cxd5 cxd5 17. Bxa7 1/2-1/2

[Event "Labor Day IM"]
[Site "Los Angeles USA"]
[Date "2022.09.02"]
[Round "3.4"]
[White "Oberoi, Shelev"]
[Black "Talukdar, Rohan"]
[Result "0-1"]
[WhiteElo "2291"]
[BlackElo "2339"]
[PlyCount "78"]
[EventDate "2022.09.01"]
[EventType "tourn"]
[EventRounds "9"]
[EventCountry "USA"]
[EventCategory "2"]
[Source "ChessMix"]
[SourceDate "2022.09.10"]

1. e4 d6 2. d4 Nf6 3. Nc3 e5 4. Nf3 Nbd7 5. Bc4 Be7 6. O-O O-O 7. a4 c6 8. Qe2
exd4 9. Nxd4 Re8 10. Qd1 Bf8 11. Re1 Qa5 12. Bf4 Qb4 13. Bb3 Nc5 14. f3 d5 15.
e5 Nxb3 16. cxb3 Bc5 17. Nce2 Nd7 18. a5 Nxe5 19. Kh1 Bxd4 20. Nxd4 f6 21. a6
Bd7 22. axb7 Qxb7 23. Qc2 Qb6 24. Red1 c5 25. Ne2 d4 26. Ng3 Be6 27. Re1 Ng6
28. Nh5 Bxb3 29. Qf5 Be6 30. Qc2 Nxf4 31. Nxf4 Bf7 32. h4 c4 33. Qd2 Rxe1+ 34.
Rxe1 Rb8 35. Re2 d3 36. Re7 Qxb2 37. Qe3 d2 38. Rd7 Qc1+ 39. Kh2 d1=Q 0-1

[Event "Labor Day IM"]
[Site "Los Angeles USA"]
[Date "2022.09.02"]
[Round "4.3"]
[White "Talukdar, Rohan"]
[Black "Heimann, Mark A"]
[Result "1/2-1/2"]
[WhiteElo "2339"]
[BlackElo "2401"]
[PlyCount "67"]
[EventDate "2022.09.01"]
[EventType "tourn"]
[EventRounds "9"]
[EventCountry "USA"]
[EventCategory "2"]
[Source "ChessMix"]
[SourceDate "2022.09.10"]

1. e4 c5 2. Nc3 e6 3. Nf3 a6 4. g3 b5 5. Bg2 Bb7 6. d4 Nf6 7. e5 cxd4 8. Ne2
Nd5 9. Nexd4 Nc6 10. O-O Qc7 11. Re1 Nxd4 12. Nxd4 Bc5 13. Nb3 Be7 14. Bd2 Rc8
15. Qg4 g6 16. Rac1 h5 17. Qe2 Nb6 18. Bxb7 Qxb7 19. h4 Nc4 20. Bc3 g5 21. hxg5
Bxg5 22. f4 Bd8 23. Qe4 Bb6+ 24. Kh2 Qxe4 25. Rxe4 Ne3 26. Bd4 Bxd4 27. Nxd4
Nc4 28. b3 Nb6 29. Ne2 Ke7 30. Rd4 Nd5 31. c4 bxc4 32. bxc4 Ne3 33. Rc3 Nf5 34.
Rd2 1/2-1/2

[Event "Labor Day IM"]
[Site "Los Angeles USA"]
[Date "2022.09.03"]
[Round "5.1"]
[White "Xie, Bryan"]
[Black "Talukdar, Rohan"]
[Result "1/2-1/2"]
[WhiteElo "2162"]
[BlackElo "2339"]
[PlyCount "65"]
[EventDate "2022.09.01"]
[EventType "tourn"]
[EventRounds "9"]
[EventCountry "USA"]
[EventCategory "2"]
[Source "ChessMix"]
[SourceDate "2022.09.10"]

1. d4 Nf6 2. Nf3 g6 3. Bf4 Bg7 4. e3 d6 5. h3 c5 6. Be2 O-O 7. O-O Qb6 8. Nbd2
Be6 9. Ng5 Bd7 10. Nc4 Qc7 11. a4 h6 12. Nf3 b6 13. c3 Bc6 14. Nfd2 Qb7 15. Bf3
Bxf3 16. Qxf3 Qxf3 17. Nxf3 Rc8 18. Nfd2 Nbd7 19. Bh2 Rab8 20. Rfc1 a6 21. e4
b5 22. axb5 axb5 23. Ne3 Ra8 24. e5 dxe5 25. dxe5 Ne8 26. Nd5 Kf8 27. f4 e6 28.
Ne3 f6 29. Nf3 fxe5 30. fxe5 Nc7 31. c4 bxc4 32. Nxc4 Nd5 33. Nfd2 1/2-1/2

[Event "Labor Day IM"]
[Site "Los Angeles USA"]
[Date "2022.09.03"]
[Round "6.4"]
[White "Talukdar, Rohan"]
[Black "Narayanan, Samrug"]
[Result "1-0"]
[WhiteElo "2339"]
[BlackElo "2354"]
[PlyCount "113"]
[EventDate "2022.09.01"]
[EventType "tourn"]
[EventRounds "9"]
[EventCountry "USA"]
[EventCategory "2"]
[Source "ChessMix"]
[SourceDate "2022.09.10"]

1. Nf3 d5 2. g3 Nf6 3. Bg2 e6 4. O-O Be7 5. d3 c5 6. Nbd2 Nc6 7. e4 O-O 8. Re1
Qc7 9. c3 b5 10. Nf1 a5 11. Bf4 Qb6 12. e5 Nd7 13. h4 Ba6 14. Ne3 c4 15. d4 b4
16. Bh3 Qb7 17. Ng5 Bxg5 18. Bxg5 Rfb8 19. Qh5 Nf8 20. Ng4 bxc3 21. bxc3 Ra7
22. Rab1 Qc8 23. Nf6+ gxf6 24. Bxf6 Ng6 25. Qg5 Rxb1 26. Rxb1 Rb7 27. Rxb7 Bxb7
28. h5 Kf8 29. Qh6+ Ke8 30. Qxh7 Nf8 31. Qh8 Nxd4 32. cxd4 c3 33. Bg7 Ke7 34.
Bh6 c2 35. Qf6+ Ke8 36. Qf4 Ba6 37. Qd2 Qc4 38. a3 a4 39. Kh2 Nd7 40. Qg5 c1=Q
41. Qxc1 Qxd4 42. Qe3 Qxe3 43. Bxe3 Nxe5 44. h6 Bd3 45. f4 Nd7 46. Bf1 Bg6 47.
Bb5 Kd8 48. Bd4 f6 49. Bxa4 e5 50. Bxd7 exd4 51. Bg4 Ke7 52. f5 Bh7 53. Kg2 Kd6
54. Kf3 Kc5 55. Ke2 Kc4 56. Kd2 d3 57. a4 1-0

[Event "Labor Day IM"]
[Site "Los Angeles USA"]
[Date "2022.09.04"]
[Round "8.5"]
[White "Talukdar, Rohan"]
[Black "Zaloznyy, Mike"]
[Result "1-0"]
[WhiteElo "2339"]
[BlackElo "2268"]
[PlyCount "109"]
[EventDate "2022.09.01"]
[EventType "tourn"]
[EventRounds "9"]
[EventCountry "USA"]
[EventCategory "2"]
[Source "ChessMix"]
[SourceDate "2022.09.10"]

1. e4 e5 2. Nf3 Nc6 3. Bb5 Nge7 4. O-O Ng6 5. c3 a6 6. Ba4 d5 7. d3 dxe4 8.
Bxc6+ bxc6 9. dxe4 Qxd1 10. Rxd1 Bg4 11. Rd3 f5 12. exf5 Bxf5 13. Re3 O-O-O 14.
Re1 Bg4 15. Bg5 Rd3 16. Nbd2 h6 17. Be3 Be7 18. h3 Be6 19. Bd4 Bf6 20. Re3 Bf5
21. Rxd3 Bxd3 22. Be3 Rd8 23. Nb3 Be2 24. Nfd2 Ne7 25. Re1 Bd3 26. Bc5 Nd5 27.
Na5 Kd7 28. Ba3 Rb8 29. Ndb3 Bg6 30. Nc5+ Kc8 31. Nxc6 Rb6 32. Nxe5 Bh7 33. Nc4
Rc6 34. Re8+ Bd8 35. Ne5 Rf6 36. Ne6 Rxe6 37. Rxe6 Bf6 38. Re8+ Kb7 39. Nd7 Bg5
40. Nc5+ Kb6 41. g3 Bb1 42. h4 Bf6 43. Nd7+ Kb5 44. Nxf6 Nxf6 45. Re7 c5 46.
Rxg7 Nd5 47. Rb7+ Nb6 48. Rc7 c4 49. Rc5+ Ka4 50. Rc6 Kb5 51. Rxh6 Nd5 52. h5
a5 53. Rd6 Be4 54. h6 Ka4 55. Rxd5 1-0

[Event "Labor Day IM"]
[Site "Los Angeles USA"]
[Date "2022.09.05"]
[Round "9.2"]
[White "Talukdar, Rohan"]
[Black "Mahajan, Rushaan"]
[Result "1-0"]
[WhiteElo "2339"]
[BlackElo "2232"]
[PlyCount "53"]
[EventDate "2022.09.01"]
[EventType "tourn"]
[EventRounds "9"]
[EventCountry "USA"]
[EventCategory "2"]
[Source "ChessMix"]
[SourceDate "2022.09.10"]

1. e4 c6 2. d4 d5 3. e5 c5 4. dxc5 e6 5. a3 Bxc5 6. Bd3 Nd7 7. Nf3 Be7 8. O-O
Nh6 9. Bxh6 gxh6 10. Nbd2 Nb6 11. Nd4 Bd7 12. Qh5 Bc5 13. N2b3 Bxd4 14. Nxd4
Qg5 15. Qe2 O-O-O 16. a4 Qf4 17. c3 Kb8 18. a5 Na4 19. a6 f6 20. Bb5 Nb6 21.
Bxd7 Rxd7 22. axb7 fxe5 23. Nxe6 Qf5 24. Nc5 Rg7 25. g3 Nc4 26. b3 Rhg8 27.
bxc4 1-0

[Event "World op"]
[Site "Philadelphia USA"]
[Date "2022.07.01"]
[Round "2"]
[White "Rogers, Norman"]
[Black "Talukdar, Rohan"]
[Result "0-1"]
[WhiteElo "2148"]
[BlackElo "2333"]
[PlyCount "92"]
[EventDate "2022.06.30"]
[EventType "swiss"]
[EventRounds "9"]
[EventCountry "USA"]
[Source "ChessMix"]
[SourceDate "2022.07.10"]

1. e4 c5 2. Nf3 d6 3. d4 cxd4 4. Qxd4 Nc6 5. Bb5 Bd7 6. Bxc6 Bxc6 7. Nc3 h6 8.
Be3 e5 9. Qd3 Nf6 10. O-O-O Be7 11. Kb1 O-O 12. h3 b5 13. Nd2 b4 14. Nd5 Nxd5
15. exd5 Bd7 16. g4 f5 17. f3 Kh8 18. Rc1 Qa5 19. gxf5 Bxf5 20. Ne4 Rab8 21.
Rhg1 Rb5 22. Rcd1 Bh7 23. Qd2 b3 24. axb3 Qxd2 25. Nxd2 Rxd5 26. Nc4 Rxd1+ 27.
Rxd1 Rxf3 28. Bxa7 Rxh3 29. b4 d5 30. Nxe5 Bxb4 31. Nc6 Bd6 32. Rd2 h5 33. b4
Rc3 34. Nd8 Bxb4 35. Rf2 Be4 36. Ne6 Rg3 37. Bd4 Bc3 38. Rf8+ Kh7 39. Ng5+ Kg6
40. Nxe4 dxe4 41. Bxc3 Rxc3 42. Kb2 Rc7 43. Kc1 Kg5 44. Kd2 h4 45. Ke3 Rc4 46.
Rf1 Kh5 0-1

[Event "World op"]
[Site "Philadelphia USA"]
[Date "2022.07.01"]
[Round "3"]
[White "Talukdar, Rohan"]
[Black "Khanin, Semen"]
[Result "1/2-1/2"]
[WhiteElo "2333"]
[BlackElo "2550"]
[PlyCount "53"]
[EventDate "2022.06.30"]
[EventType "swiss"]
[EventRounds "9"]
[EventCountry "USA"]
[Source "ChessMix"]
[SourceDate "2022.07.10"]

1. e4 e5 2. Nf3 Nc6 3. Bb5 a6 4. Ba4 Nf6 5. O-O Be7 6. Re1 b5 7. Bb3 O-O 8. d4
Nxd4 9. Nxd4 exd4 10. e5 Ne8 11. c3 c5 12. cxd4 c4 13. Bc2 d5 14. Nc3 Nc7 15.
Ne2 a5 16. Ng3 b4 17. Nf5 Bxf5 18. Bxf5 g6 19. Bc2 Ne6 20. f4 Qb6 21. Be3 f5
22. b3 Rad8 23. Kh1 a4 24. bxc4 dxc4 25. Bxa4 Nxd4 26. Rc1 c3 27. Qb3+ 1/2-1/2

[Event "World op"]
[Site "Philadelphia USA"]
[Date "2022.07.03"]
[Round "6"]
[White "Tang, Andrew"]
[Black "Talukdar, Rohan"]
[Result "1/2-1/2"]
[WhiteElo "2513"]
[BlackElo "2333"]
[PlyCount "96"]
[EventDate "2022.06.30"]
[EventType "swiss"]
[EventRounds "9"]
[EventCountry "USA"]
[Source "ChessMix"]
[SourceDate "2022.07.10"]

1. d4 Nf6 2. Nf3 g6 3. Nbd2 Bg7 4. e4 d6 5. Bd3 O-O 6. O-O Nc6 7. Re1 e5 8.
dxe5 dxe5 9. Nc4 Nd7 10. Bf1 Nc5 11. Bd2 a5 12. c3 a4 13. Qc2 Bg4 14. Bg5 Qe8
15. Ne3 Bxf3 16. gxf3 Ne6 17. Bh4 f5 18. exf5 gxf5 19. Bh3 Qh5 20. Bxf5 Ned4
21. cxd4 Nxd4 22. Qc4+ Kh8 23. Bg3 Rxf5 24. Nxf5 Nxf3+ 25. Kg2 Nxe1+ 26. Rxe1
Qxf5 27. Qxc7 Qc8 28. Rc1 Qg8 29. Qxb7 Rb8 30. Qd7 Qxa2 31. Rc7 Rg8 32. Ra7
Qxb2 33. Rxa4 Qc2 34. Rg4 Bf6 35. Rb4 Qc8 36. Rb7 Qxd7 37. Rxd7 Re8 38. Kf3 e4+
39. Kf4 Be5+ 40. Ke3 Bb2 41. h4 Bc1+ 42. Ke2 Kg8 43. Bd6 Re6 44. Bc5 Rh6 45.
Rc7 Bb2 46. Be7 Bf6 47. Bxf6 Rxf6 48. Ke3 Rf3+ 1/2-1/2

[Event "World op"]
[Site "Philadelphia USA"]
[Date "2022.07.03"]
[Round "7"]
[White "Talukdar, Rohan"]
[Black "Popilski, Gil"]
[Result "1/2-1/2"]
[WhiteElo "2333"]
[BlackElo "2458"]
[PlyCount "43"]
[EventDate "2022.06.30"]
[EventType "swiss"]
[EventRounds "9"]
[EventCountry "USA"]
[Source "ChessMix"]
[SourceDate "2022.07.10"]

1. e4 c5 2. Nf3 d6 3. Bb5+ Nd7 4. a4 Ngf6 5. Nc3 Qa5 6. O-O e6 7. d4 cxd4 8.
Qxd4 Be7 9. e5 dxe5 10. Nxe5 O-O 11. Nc4 Qb4 12. b3 Qc5 13. Qf4 Qh5 14. Qc7 Bb4
15. Na2 Nd5 16. Qg3 Be7 17. Ba3 Bxa3 18. Nxa3 e5 19. Rfe1 Nf4 20. Nc3 Nc5 21.
Nd5 Ng6 22. b4 1/2-1/2

[Event "World op"]
[Site "Philadelphia USA"]
[Date "2022.07.04"]
[Round "9"]
[White "Talukdar, Rohan"]
[Black "Dragun, Kamil"]
[Result "1/2-1/2"]
[WhiteElo "2333"]
[BlackElo "2563"]
[PlyCount "65"]
[EventDate "2022.06.30"]
[EventType "swiss"]
[EventRounds "9"]
[EventCountry "USA"]
[Source "Mark Crowther"]
[SourceDate "2022.07.11"]

1. e4 c5 2. Nf3 e6 3. g3 d5 4. exd5 exd5 5. d4 cxd4 6. Nxd4 Nc6 7. Bg2 Bc5 8.
Nb3 Qe7+ 9. Qe2 Qxe2+ 10. Kxe2 Bb6 11. Be3 Bxe3 12. Kxe3 Nf6 13. Kd2 Ne4+ 14.
Bxe4 dxe4 15. Nc3 Bg4 16. Rae1 O-O-O+ 17. Kc1 f5 18. h3 Bf3 19. Rhg1 h5 20. h4
Ne5 21. Nb5 Kb8 22. N5d4 g6 23. Kb1 Rd6 24. c3 Rhd8 25. Nd2 Bg4 26. f4 Nd3 27.
Re3 Rc8 28. N2b3 Rb6 29. Rg2 a5 30. Rd2 Bh3 31. Rh2 Bg4 32. Rd2 Bh3 33. Rh2
1/2-1/2

[Event "Philadelphia int."]
[Site "Philadelphia USA"]
[Date "2022.06.25"]
[Round "2.3"]
[White "Cordova, Emilio"]
[Black "Talukdar, Rohan"]
[Result "1/2-1/2"]
[WhiteElo "2549"]
[BlackElo "2315"]
[PlyCount "47"]
[EventDate "2022.06.24"]
[EventType "swiss"]
[EventRounds "7"]
[EventCountry "USA"]
[Source "ChessMix"]
[SourceDate "2022.07.10"]

1. d4 Nf6 2. Nf3 g6 3. c4 Bg7 4. Nc3 d5 5. e3 O-O 6. Qb3 e6 7. Bd2 Nc6 8. cxd5
exd5 9. Rc1 Ne7 10. Bd3 c6 11. O-O Nf5 12. Bxf5 Bxf5 13. Qxb7 Rb8 14. Qxa7 Rxb2
15. Nd1 Qb6 16. Qa4 Rb5 17. Ne5 Ne4 18. Rxc6 Qb7 19. Nc3 Rb4 20. Qxb4 Qxb4 21.
Nxe4 Qb2 22. Bc3 Qc2 23. Nd6 Bxe5 24. Nxf5 1/2-1/2

[Event "Philadelphia int."]
[Site "Philadelphia USA"]
[Date "2022.06.25"]
[Round "3"]
[White "Talukdar, Rohan"]
[Black "Jacobson, Brandon"]
[Result "0-1"]
[WhiteElo "2315"]
[BlackElo "2526"]
[PlyCount "86"]
[EventDate "2022.06.24"]
[EventType "swiss"]
[EventRounds "7"]
[EventCountry "USA"]
[Source "ChessMix"]
[SourceDate "2022.07.10"]

1. e4 e5 2. Nf3 Nc6 3. Bb5 a6 4. Ba4 d6 5. O-O Nf6 6. Re1 Bd7 7. c3 g6 8. d4
Bg7 9. d5 Ne7 10. Bxd7+ Nxd7 11. Be3 O-O 12. c4 h6 13. Nfd2 f5 14. f3 f4 15.
Bf2 g5 16. Nc3 Ng6 17. b4 Nf6 18. c5 Rf7 19. Na4 h5 20. cxd6 cxd6 21. Nb6 Rb8
22. h3 Bf8 23. Rc1 Be7 24. Rc3 Qf8 25. Nf1 Bd8 26. Nh2 Qh6 27. a4 Bxb6 28. Bxb6
Rbf8 29. Rc7 Qg7 30. Rxf7 Qxf7 31. Qc2 Qd7 32. Rc1 Ne7 33. a5 g4 34. hxg4 hxg4
35. Qd1 g3 36. Ng4 Nxg4 37. Rc7 Qe8 38. fxg4 Qf7 39. g5 Qh7 40. Qf3 Qh2+ 41.
Kf1 Ng6 42. Qg4 f3 43. gxf3 Nf4 0-1

[Event "Chicago op"]
[Site "Wheeling USA"]
[Date "2022.05.27"]
[Round "2"]
[White "Repka, Christopher"]
[Black "Talukdar, Rohan"]
[Result "1-0"]
[WhiteElo "2524"]
[BlackElo "2323"]
[PlyCount "81"]
[EventDate "2022.05.26"]
[EventType "swiss"]
[EventRounds "9"]
[EventCountry "USA"]
[Source "ChessMix"]
[SourceDate "2022.06.10"]

1. d4 Nf6 2. c4 g6 3. Nc3 d5 4. cxd5 Nxd5 5. e4 Nxc3 6. bxc3 Bg7 7. Nf3 c5 8.
h3 O-O 9. Be2 b6 10. Be3 Bb7 11. Qd3 Ba6 12. Qd2 Bxe2 13. Qxe2 cxd4 14. cxd4
Nc6 15. Rd1 Rc8 16. O-O Qd7 17. d5 Na5 18. Bd4 Bxd4 19. Rxd4 Rc5 20. Qe3 Nc4
21. Qh6 f6 22. Rc1 Rfc8 23. Re1 Qc7 24. Rdd1 Ne5 25. Nd4 Nf7 26. Qh4 Rc4 27.
Ne6 Qe5 28. f4 Qb2 29. Qg4 Rc1 30. Kh2 Rxd1 31. Rxd1 Rc4 32. Qf3 Rc3 33. Rd3
Rc2 34. e5 fxe5 35. f5 e4 36. Qxe4 Nd6 37. Qg4 Nxf5 38. Qf4 Kf7 39. Rg3 Qc1 40.
Qe5 Nxg3 41. Qg7+ 1-0

[Event "Chicago op"]
[Site "Wheeling USA"]
[Date "2022.05.29"]
[Round "7"]
[White "Talukdar, Rohan"]
[Black "Dragun, Kamil"]
[Result "0-1"]
[WhiteElo "2323"]
[BlackElo "2571"]
[PlyCount "70"]
[EventDate "2022.05.26"]
[EventType "swiss"]
[EventRounds "9"]
[EventCountry "USA"]
[Source "ChessMix"]
[SourceDate "2022.06.10"]

1. e4 c5 2. Nf3 d6 3. Bb5+ Bd7 4. Bxd7+ Nxd7 5. O-O Ngf6 6. Qe2 e6 7. d4 cxd4
8. Nxd4 Be7 9. c4 O-O 10. b3 a6 11. Nc3 Rc8 12. Bb2 Qa5 13. Rac1 Ne5 14. Kh1
Nc6 15. Rfd1 Rfe8 16. f3 Qh5 17. Na4 Nd7 18. Qf2 Bg5 19. f4 Be7 20. Rd3 Nxd4
21. Bxd4 Bh4 22. g3 Be7 23. Nb6 Nc5 24. Bxc5 Rxc5 25. Re1 Rc6 26. Na4 b5 27.
cxb5 axb5 28. Nc3 Rec8 29. Qd4 Bf8 30. a4 bxa4 31. bxa4 Qa5 32. Rc1 d5 33. exd5
exd5 34. Qe3 d4 35. Qxd4 Qa8 0-1

[Event "Charlotte Winter GM"]
[Site "Charlotte USA"]
[Date "2022.01.14"]
[Round "2.5"]
[White "Stremavicius, Titas"]
[Black "Talukdar, Rohan"]
[Result "1/2-1/2"]
[WhiteElo "2505"]
[BlackElo "2329"]
[PlyCount "88"]
[EventDate "2022.01.13"]
[EventType "tourn"]
[EventRounds "9"]
[EventCountry "USA"]
[EventCategory "8"]
[Source "ChessMix"]
[SourceDate "2022.01.20"]
[WhiteTeam "Lithuania"]
[BlackTeam "Canada"]
[WhiteTeamCountry "LTU"]
[BlackTeamCountry "CAN"]

1. c4 c5 2. Nf3 Nc6 3. e3 e5 4. Nc3 Nf6 5. d4 e4 6. d5 exf3 7. dxc6 dxc6 8.
Qxd8+ Kxd8 9. gxf3 g6 10. b3 Bg7 11. Bb2 Ke7 12. Ne4 b6 13. O-O-O Bf5 14. Ng3
Be6 15. h4 Rhd8 16. Rxd8 Rxd8 17. h5 Ne8 18. Bxg7 Nxg7 19. hxg6 hxg6 20. f4 Nf5
21. Ne4 Nd6 22. Nc3 a6 23. Bg2 b5 24. cxb5 cxb5 25. Nd5+ Bxd5 26. Bxd5 Ne8 27.
Rd1 Nc7 28. Bb7 Rxd1+ 29. Kxd1 Kd6 30. Kd2 a5 31. Kd3 Nd5 32. Bxd5 Kxd5 33. e4+
Kc6 34. Kc3 Kb6 35. Kd3 Kc7 36. Kc2 Kb7 37. Kd2 Ka6 38. Kc3 Ka7 39. Kc2 Kb7 40.
Kd2 Kc7 41. Kc2 Kb6 42. Kd3 Ka6 43. Kc3 Ka7 44. Kc2 Kb7 1/2-1/2

[Event "Charlotte Winter GM"]
[Site "Charlotte USA"]
[Date "2022.01.14"]
[Round "3.1"]
[White "Talukdar, Rohan"]
[Black "Stearman, Josiah"]
[Result "0-1"]
[WhiteElo "2329"]
[BlackElo "2404"]
[PlyCount "102"]
[EventDate "2022.01.13"]
[EventType "tourn"]
[EventRounds "9"]
[EventCountry "USA"]
[EventCategory "8"]
[Source "ChessMix"]
[SourceDate "2022.01.20"]
[WhiteTeam "Canada"]
[BlackTeam "United States"]
[WhiteTeamCountry "CAN"]
[BlackTeamCountry "USA"]

1. e4 e5 2. Nf3 Nc6 3. Bb5 Nf6 4. d3 Bc5 5. c3 O-O 6. O-O d5 7. exd5 Qxd5 8.
Bc4 Qd8 9. b4 Bd6 10. Nbd2 h6 11. Re1 Re8 12. Ne4 Be6 13. Bxe6 Rxe6 14. a4 a5
15. b5 Nb8 16. Nfd2 Nbd7 17. Qf3 Nc5 18. Nxc5 Bxc5 19. Nb3 e4 20. dxe4 Nxe4 21.
Nxc5 Nxc5 22. Rxe6 Nxe6 23. Be3 b6 24. Rd1 Qf8 25. g3 Rd8 26. Rxd8 Qxd8 27. Qe4
Qd1+ 28. Kg2 Qb3 29. Qa8+ Kh7 30. Qe4+ g6 31. Qh4 h5 32. Qf6 Kg8 33. Bd4 Qd5+
34. Qf3 Qxf3+ 35. Kxf3 f5 36. Ke3 Kf7 37. c4 Ke7 38. h4 Kd6 39. Kd3 g5 40. hxg5
Nxg5 41. c5+ bxc5 42. Be3 Ne4 43. Kc4 Kd7 44. Bxc5 f4 45. b6 cxb6 46. Bxb6 Kc6
47. Bxa5 Nxf2 48. gxf4 h4 49. f5 h3 50. f6 Ne4 51. f7 Nd6+ 0-1

[Event "Charlotte Winter GM"]
[Site "Charlotte USA"]
[Date "2022.01.15"]
[Round "4.5"]
[White "Talukdar, Rohan"]
[Black "Hilby, Craig"]
[Result "1-0"]
[WhiteElo "2329"]
[BlackElo "2434"]
[PlyCount "73"]
[EventDate "2022.01.13"]
[EventType "tourn"]
[EventRounds "9"]
[EventCountry "USA"]
[EventCategory "8"]
[Source "ChessMix"]
[SourceDate "2022.01.20"]
[WhiteTeam "Canada"]
[BlackTeam "United States"]
[WhiteTeamCountry "CAN"]
[BlackTeamCountry "USA"]

1. e4 e5 2. Nf3 Nc6 3. Bb5 a6 4. Ba4 Nf6 5. O-O b5 6. Bb3 Bc5 7. c3 d6 8. d4
Bb6 9. Be3 O-O 10. Nbd2 Bg4 11. h3 Bh5 12. dxe5 Nxe5 13. Bxb6 cxb6 14. g4 Bg6
15. Nd4 Nxe4 16. Bd5 Nxd2 17. Qxd2 Nc4 18. Qc1 Rc8 19. f4 Qh4 20. f5 Qxh3 21.
Qf4 Qe3+ 22. Rf2 Rc5 23. Bxc4 Qxf4 24. Rxf4 bxc4 25. Re1 Re5 26. Kf2 Rfe8 27.
Nf3 Rxe1 28. Nxe1 Bxf5 29. Rxf5 b5 30. Rd5 Re6 31. Nc2 Kf8 32. Nb4 Rh6 33. Kg3
Re6 34. Nxa6 b4 35. Nxb4 Re2 36. Rxd6 Rxb2 37. Rc6 1-0

[Event "Charlotte Winter GM"]
[Site "Charlotte USA"]
[Date "2022.01.15"]
[Round "5.2"]
[White "Vazquez, Guillermo"]
[Black "Talukdar, Rohan"]
[Result "1/2-1/2"]
[WhiteElo "2536"]
[BlackElo "2329"]
[PlyCount "80"]
[EventDate "2022.01.13"]
[EventType "tourn"]
[EventRounds "9"]
[EventCountry "USA"]
[EventCategory "8"]
[Source "ChessMix"]
[SourceDate "2022.01.20"]
[WhiteTeam "Paraguay"]
[BlackTeam "Canada"]
[WhiteTeamCountry "PAR"]
[BlackTeamCountry "CAN"]

1. d4 Nf6 2. Nf3 g6 3. Nbd2 d5 4. b4 Bg7 5. e3 O-O 6. c4 a5 7. b5 c5 8. dxc5
Nbd7 9. Ba3 Ne4 10. Nxe4 dxe4 11. Nd4 Ne5 12. Rc1 Re8 13. b6 Bg4 14. Qd2 Qd7
15. h3 Be6 16. Nxe6 Qxe6 17. Qd5 Qc6 18. Bb2 Red8 19. Qxc6 Nxc6 20. Bxg7 Kxg7
21. a3 Rdc8 22. Rd1 Ne5 23. Rd5 Kf6 24. Be2 e6 25. Rd4 Rxc5 26. Kd2 Rac8 27.
Kc3 Rb5 28. Rxe4 Rxb6 29. Rd1 a4 30. Kc2 Rb3 31. f4 Nc6 32. Rd3 Na5 33. Rxb3
Nxb3 34. Re5 Nc5 35. g4 h6 36. h4 Ke7 37. g5 hxg5 38. Rxg5 b5 39. h5 gxh5 40.
Rxh5 bxc4 1/2-1/2

[Event "Charlotte Winter GM"]
[Site "Charlotte USA"]
[Date "2022.01.16"]
[Round "6.4"]
[White "Talukdar, Rohan"]
[Black "Vivekananthan, Anish"]
[Result "1/2-1/2"]
[WhiteElo "2329"]
[BlackElo "2319"]
[PlyCount "41"]
[EventDate "2022.01.13"]
[EventType "tourn"]
[EventRounds "9"]
[EventCountry "USA"]
[EventCategory "8"]
[Source "ChessMix"]
[SourceDate "2022.01.20"]
[WhiteTeam "Canada"]
[BlackTeam "United States"]
[WhiteTeamCountry "CAN"]
[BlackTeamCountry "USA"]

1. e4 e5 2. Nf3 Nc6 3. Bb5 Nf6 4. d3 Bc5 5. Nbd2 O-O 6. O-O Nd4 7. Nxd4 Bxd4 8.
c3 Bb6 9. Nc4 d5 10. exd5 Qxd5 11. Nxb6 axb6 12. Bc4 Qd6 13. Bg5 Nd5 14. Re1
Be6 15. Qf3 f6 16. Bh4 c6 17. Bg3 Qd7 18. h3 b5 19. Bb3 Rfe8 20. a3 Nf4 21.
Bxe6+ 1/2-1/2

[Event "Charlotte Winter GM"]
[Site "Charlotte USA"]
[Date "2022.01.16"]
[Round "7.3"]
[White "Posthuma, Joshua"]
[Black "Talukdar, Rohan"]
[Result "1-0"]
[WhiteElo "2359"]
[BlackElo "2329"]
[PlyCount "51"]
[EventDate "2022.01.13"]
[EventType "tourn"]
[EventRounds "9"]
[EventCountry "USA"]
[EventCategory "8"]
[Source "ChessMix"]
[SourceDate "2022.01.20"]
[WhiteTeam "United States"]
[BlackTeam "Canada"]
[WhiteTeamCountry "USA"]
[BlackTeamCountry "CAN"]

1. c4 c5 2. Nf3 Nc6 3. d4 cxd4 4. Nxd4 Nf6 5. g3 e5 6. Nb5 Bb4+ 7. N1c3 a6 8.
Nd6+ Ke7 9. Nf5+ Kf8 10. Ne3 d6 11. Bg2 Be6 12. O-O Bxc3 13. bxc3 Ke7 14. Ba3
Qc7 15. c5 d5 16. Nxd5+ Bxd5 17. Bxd5 Nxd5 18. Qxd5 Rhd8 19. Qe4 g6 20. Qh4+
Ke6 21. f4 e4 22. f5+ gxf5 23. Qh6+ f6 24. Rxf5 Kxf5 25. Rf1+ Ke6 26. Qxf6+ 1-0

[Event "Charlotte Winter GM"]
[Site "Charlotte USA"]
[Date "2022.01.17"]
[Round "8.3"]
[White "Talukdar, Rohan"]
[Black "Mishra, Abhimanyu"]
[Result "0-1"]
[WhiteElo "2329"]
[BlackElo "2510"]
[PlyCount "81"]
[EventDate "2022.01.13"]
[EventType "tourn"]
[EventRounds "9"]
[EventCountry "USA"]
[EventCategory "8"]
[Source "ChessMix"]
[SourceDate "2022.01.20"]
[WhiteTeam "Canada"]
[BlackTeam "United States"]
[WhiteTeamCountry "CAN"]
[BlackTeamCountry "USA"]

1. e4 c5 2. Nf3 d6 3. Bb5+ Nd7 4. Ba4 Ngf6 5. O-O e6 6. d3 a6 7. c4 Be7 8. Nc3
O-O 9. h3 Qc7 10. Rb1 b6 11. a3 Bb7 12. Bf4 Rad8 13. Qe2 Ne5 14. Rfc1 Nfd7 15.
b4 Nxf3+ 16. Qxf3 Ne5 17. Qe3 Bf6 18. Rb3 Bc6 19. Bxc6 Nxc6 20. bxc5 bxc5 21.
Qxc5 e5 22. Qb6 Qd7 23. Qxa6 exf4 24. Rb7 Qc8 25. Nd5 Nd4 26. Rcb1 f3 27. Qa7
Qe6 28. g4 Be5 29. Rb8 h5 30. Rxd8 Rxd8 31. Rb8 Rxb8 32. Qxb8+ Kh7 33. Qd8 Bf6
34. Nxf6+ gxf6 35. Kf1 hxg4 36. hxg4 Qxg4 37. Qxf6 Qg2+ 38. Ke1 Qg1+ 39. Kd2
Qxf2+ 40. Kc3 Qe1+ 41. Kxd4 0-1